Riconosci lo Stato - Quiz n°161 - Statistics

Statistiche generali
  • Questo quiz è stato fatto 31 volte
  • Il punteggio medio è 10 su 11
Statistiche sulle risposte
Indizio Risposta % Corretto
Superficie 783.562 km²
96%
Popolazione 85.037.969 ab.
96%
Iniziale della Capitale A
96%
Fuso Orario UTC+3
96%
Valuta Lira
92%
Presidente della Repubblica Recep Tayyip Erdoğan
92%
ISU 0,838
88%
Tasso di crescita 1,09%
88%
PIL (nominale) 1 154 600 milioni di $
88%
Forma di Governo Repubblica presidenziale
88%
Risposta Turchia
88%
Nessun quiz corrispondente trovato
Distribuzione punteggi
Percentuale di utenti per punteggio
Percentile per numero di risposta
I tuoi punteggi nel tempo
Non hai fatto questo quiz